[Event "New York Winter IM-B"]
[Site "New York USA"]
[Date "2022.01.13"]
[Round "1.4"]
[White "Chiku-Ratte, Olivier-Kenta"]
[Black "Chasin, Nico"]
[Result "1/2-1/2"]
[WhiteElo "2380"]
[BlackElo "2243"]
[PlyCount "156"]
[EventDate "2022.01.13"]
[EventType "tourn"]
[EventRounds "9"]
[EventCountry "USA"]
[Source "ChessMix"]
[SourceDate "2022.01.20"]

1. d4 Nf6 2. c4 e6 3. Nf3 d5 4. Nc3 Bb4 5. cxd5 exd5 6. Bg5 Nbd7 7. e3 h6 8.
Bh4 g5 9. Bg3 Ne4 10. Qc2 c6 11. Bd3 f5 12. Nd2 Qe7 13. O-O O-O 14. Rfe1 Kg7
15. a3 Bd6 16. Bxd6 Nxd6 17. f3 Qf6 18. Ne2 Kh8 19. Ng3 Nb6 20. Kh1 f4 21. Nh5
Qf7 22. g4 fxg3 23. Nxg3 Bh3 24. b3 Rad8 25. Re2 Nbc8 26. Rae1 Ne7 27. e4 Qf4
28. Qc3 Rf7 29. e5 Ndf5 30. Bxf5 Bxf5 31. e6 Rff8 32. Qc5 Rde8 33. Qxa7 Bd3 34.
Re3 Ba6 35. Qc5 Ng6 36. Qc3 Qh4 37. e7 Rf7 38. Qb4 Kh7 39. Qd6 g4 40. Qd7 Rexe7
41. Rxe7 Rxe7 42. Rxe7+ Qxe7 43. Qxe7+ Nxe7 44. fxg4 Nc8 45. Kg2 Nd6 46. a4 b6
47. Kf3 Kg6 48. Kf4 Kf6 49. b4 Bd3 50. h4 Nb7 51. Nb3 Bc2 52. Nd2 Bxa4 53. Nf5
Kg6 54. Nf3 c5 55. Ne7+ Kg7 56. Nxd5 Bc6 57. Nxb6 Bxf3 58. Kxf3 cxb4 59. Nc4 b3
60. Ke3 Nd6 61. Nb2 h5 62. gxh5 Nf5+ 63. Ke4 Ng3+ 64. Ke5 Nxh5 65. d5 Nf6 66.
d6 Nd7+ 67. Ke6 Nb6 68. Nc4 Nxc4 69. d7 b2 70. d8=Q b1=Q 71. Qc7+ Kh6 72. Qf4+
Kh7 73. Qxc4 Qe1+ 74. Kf5 Qf2+ 75. Kg4 Qg2+ 76. Kf4 Qf2+ 77. Ke5 Qe3+ 78. Qe4+
Qxe4+ 1/2-1/2

[Event "New York Winter IM-B"]
[Site "New York USA"]
[Date "2022.01.14"]
[Round "2.3"]
[White "Managadze, Nikoloz"]
[Black "Chiku-Ratte, Olivier-Kenta"]
[Result "0-1"]
[WhiteElo "2436"]
[BlackElo "2380"]
[PlyCount "80"]
[EventDate "2022.01.13"]
[EventType "tourn"]
[EventRounds "9"]
[EventCountry "USA"]
[Source "ChessMix"]
[SourceDate "2022.01.20"]

1. c4 {[%emt 0:00:00]} Nf6 {[%emt 0:00:00]} 2. Nc3 {[%emt 0:00:00]} g6 {
[%emt 0:00:00]} 3. d4 {[%emt 0:00:00]} Bg7 {[%emt 0:00:00]} 4. e4 {
[%emt 0:00:00]} d6 {[%emt 0:00:00]} 5. h3 {[%emt 0:00:00]} O-O {[%emt 0:00:00]}
6. Be3 {[%emt 0:00:00]} c6 {[%emt 0:00:00]} 7. Bd3 {[%emt 0:00:00]} a6 {
[%emt 0:00:00]} 8. Nge2 {[%emt 0:00:00]} b5 {[%emt 0:15:09]} 9. O-O {
[%emt 0:00:00]} Bb7 {[%emt 0:00:00]} 10. b3 {[%emt 0:00:00]} Nbd7 {
[%emt 0:00:00]} 11. f4 {[%emt 0:00:00]} b4 {[%emt 0:00:00]} 12. Na4 {
[%emt 0:00:00]} c5 {[%emt 0:00:00]} 13. d5 {[%emt 0:00:00]} Ne8 {[%emt 0:00:00]
} 14. Rc1 {[%emt 0:00:00]} e6 {[%emt 0:00:00]} 15. Qd2 {[%emt 0:00:00]} exd5 {
[%emt 0:00:00]} 16. exd5 {[%emt 0:00:00]} f5 {[%emt 0:00:00]} 17. Ng3 {
[%emt 0:00:00]} Nb6 {[%emt 0:00:00]} 18. Nxb6 {[%emt 0:00:00]} Qxb6 {
[%emt 0:00:00]} 19. Rfe1 {[%emt 0:00:00]} a5 {[%emt 0:00:00]} 20. Qd1 {
[%emt 0:00:00]} Bc8 {[%emt 0:00:00]} 21. Nf1 {[%emt 0:00:00]} a4 {
[%emt 0:00:00]} 22. Nd2 {[%emt 0:00:00]} axb3 {[%emt 0:00:00]} 23. axb3 {
[%emt 0:00:00]} Ra2 {[%emt 0:00:00]} 24. Nf3 {[%emt 0:00:00]} Bf6 {
[%emt 0:00:00]} 25. Bf2 {[%emt 0:00:00]} Qd8 {[%emt 0:00:00]} 26. Rc2 {
[%emt 0:00:00]} Ra3 {[%emt 0:00:00]} 27. Rce2 {[%emt 0:00:00]} Ng7 {
[%emt 0:00:00]} 28. Ne5 {[%emt 0:00:00]} dxe5 {[%emt 0:00:00]} 29. fxe5 {
[%emt 0:00:00]} Bh4 {[%emt 0:00:00]} 30. g3 {[%emt 0:00:00]} Qg5 {
[%emt 0:00:00]} 31. Qd2 {[%emt 0:00:00]} f4 {[%emt 0:00:00]} 32. e6 {
[%emt 0:00:00]} Bxg3 {[%emt 0:00:00]} 33. Bxg3 {[%emt 0:00:00]} Qxg3+ {
[%emt 0:00:00]} 34. Rg2 {[%emt 0:00:00]} Qh4 {[%emt 0:00:00]} 35. Rg4 {
[%emt 0:00:00]} Qxh3 {[%emt 0:00:00]} 36. Rg2 {[%emt 0:00:00]} f3 {
[%emt 0:00:00]} 37. Rh2 {[%emt 0:00:00]} Qg3+ {[%emt 0:00:00]} 38. Kh1 {
[%emt 0:00:00]} Ra2 {[%emt 0:00:00]} 39. Rg1 {[%emt 0:00:00]} Rxd2 {
[%emt 0:00:00]} 40. Rxg3 {[%emt 0:00:00]} Rxd3 {[%emt 0:00:00]} 0-1

[Event "New York Winter IM-B"]
[Site "New York USA"]
[Date "2022.01.14"]
[Round "3.3"]
[White "Chiku-Ratte, Olivier-Kenta"]
[Black "Xu, Grant"]
[Result "1/2-1/2"]
[WhiteElo "2380"]
[BlackElo "2231"]
[PlyCount "163"]
[EventDate "2022.01.13"]
[EventType "tourn"]
[EventRounds "9"]
[EventCountry "USA"]
[Source "ChessMix"]
[SourceDate "2022.01.20"]

1. d4 Nf6 2. c4 e6 3. Nf3 b6 4. g3 Ba6 5. Qc2 Bb7 6. Bg2 c5 7. d5 exd5 8. cxd5
Nxd5 9. O-O Be7 10. Rd1 Nc6 11. Qf5 Nf6 12. e4 O-O 13. e5 g6 14. Qf4 Nh5 15.
Qc4 Qc7 16. Bh6 Ng7 17. Nc3 Nxe5 18. Nxe5 Bxg2 19. Bf4 d6 20. Ng4 Bf3 21. Nh6+
Kh8 22. Rd3 Qb7 23. Nxf7+ Rxf7 24. Qxf7 Rf8 25. Qb3 g5 26. Bd2 Nf5 27. Nb5 Nd4
28. Nxd4 cxd4 29. Re1 Be4 30. Rxe4 Qxe4 31. Rxd4 Qf5 32. Qe3 Kg8 33. Qb3+ Rf7
34. Be3 h5 35. Rd5 Qf3 36. Qd1 Qxd1+ 37. Rxd1 Rf5 38. Rc1 Ra5 39. a3 Kf7 40.
Rc7 Ke6 41. Bd2 Rd5 42. Be3 Ra5 43. Bd2 Rb5 44. b4 a5 45. Rb7 axb4 46. Bxb4 h4
47. gxh4 gxh4 48. h3 Bf6 49. Rh7 Rf5 50. Kf1 d5 51. Ke2 d4 52. Rb7 b5 53. Rb6+
Kf7 54. Rb7+ Kg6 55. Rb6 Rd5 56. Kd3 Kf5 57. Bd2 Rc5 58. Rb7 Kg6 59. Rb6 Kf5
60. Rb8 Rd5 61. Bb4 Kf4 62. Rf8 Kg5 63. f4+ Kg6 64. Ke4 Rd7 65. Rg8+ Kf7 66.
Rg1 Rc7 67. Kf5 Rd7 68. Rc1 d3 69. Ke4 d2 70. Rd1 Bb2 71. Ke3 Bc1 72. Bxd2 Bxa3
73. Rb1 Bc5+ 74. Ke2 Rb7 75. Be1 Be7 76. Bb4 Bf6 77. Kf3 Rd7 78. Rb3 Ke6 79.
Bc5 Rd5 80. Rxb5 Kf5 81. Ra5 Bc3 82. Bb4 1/2-1/2

[Event "New York Winter IM-B"]
[Site "New York USA"]
[Date "2022.01.15"]
[Round "4.4"]
[White "Miller, Rachel"]
[Black "Chiku-Ratte, Olivier-Kenta"]
[Result "0-1"]
[WhiteElo "1983"]
[BlackElo "2380"]
[PlyCount "124"]
[EventDate "2022.01.13"]
[EventType "tourn"]
[EventRounds "9"]
[EventCountry "USA"]
[Source "ChessMix"]
[SourceDate "2022.01.20"]

1. e4 d5 2. exd5 Qxd5 3. Nc3 Qa5 4. Bc4 c6 5. d3 Nf6 6. Bd2 Qc7 7. Qe2 g6 8.
Nf3 Bg7 9. O-O O-O 10. Rfe1 b5 11. Bb3 e6 12. d4 a5 13. a4 b4 14. Ne4 Nd5 15.
Rac1 Ba6 16. Bc4 Nb6 17. Bxa6 Nxa6 18. b3 h6 19. h4 Nd5 20. Ne5 c5 21. Nxc5
Nxc5 22. dxc5 Bxe5 23. Qxe5 Rfc8 24. c4 Qxe5 25. Rxe5 Nf6 26. c6 Rxc6 27. Bf4
Nd7 28. Rb5 Nc5 29. Rb1 h5 30. f3 Nd7 31. Rd1 Nc5 32. Rb1 e5 33. Bxe5 Re8 34.
Bd4 Ne6 35. Bf2 Nf4 36. Rxa5 Rd6 37. g3 Nh3+ 38. Kg2 Nxf2 39. Kxf2 Rd2+ 40. Kf1
Re3 41. Rd5 Ra2 42. Rdd1 Rxf3+ 43. Kg1 Rxg3+ 44. Kh1 Rh3+ 45. Kg1 Ra3 46. c5
Raxb3 47. c6 Rxb1 48. Rxb1 Rc3 49. Rxb4 Rxc6 50. Kf2 Rc3 51. Ke2 Kg7 52. Rf4 f6
53. Kf2 Ra3 54. Rc4 g5 55. hxg5 fxg5 56. Kg2 h4 57. Rc5 Kg6 58. a5 Kh5 59. Rb5
h3+ 60. Kh2 Kh4 61. Kh1 g4 62. Rc5 Ra1+ 0-1

[Event "New York Winter IM-B"]
[Site "New York USA"]
[Date "2022.01.15"]
[Round "5.2"]
[White "Chiku-Ratte, Olivier-Kenta"]
[Black "Rosenberg, Evan"]
[Result "1-0"]
[WhiteElo "2380"]
[BlackElo "2073"]
[PlyCount "105"]
[EventDate "2022.01.13"]
[EventType "tourn"]
[EventRounds "9"]
[EventCountry "USA"]
[Source "ChessMix"]
[SourceDate "2022.01.20"]

1. d4 Nf6 2. c4 e6 3. Nf3 d5 4. Nc3 Bb4 5. cxd5 exd5 6. Bg5 h6 7. Bh4 O-O 8. e3
c6 9. Bd3 Re8 10. Qc2 Nbd7 11. O-O Bd6 12. Rfe1 Nf8 13. Rab1 Bg4 14. Nd2 Bh5
15. f3 g5 16. Bf2 g4 17. e4 gxf3 18. e5 Ng4 19. Nxf3 Nxf2 20. Qxf2 Be7 21. Qg3+
Bg6 22. Rf1 Bg5 23. Rbd1 Re6 24. Ne2 Bxd3 25. Rxd3 Rg6 26. Kh1 Ne6 27. Qf2 Qe7
28. Ng3 Nf4 29. Rb3 Qd7 30. Qc2 Kh8 31. Qf5 Qxf5 32. Nxf5 b6 33. Rc3 c5 34.
dxc5 bxc5 35. Rxc5 Bd8 36. g3 Nd3 37. Rxd5 Nxb2 38. Nd6 Kg8 39. Nxf7 Bb6 40.
Nh4 Re6 41. Rd6 Rxd6 42. exd6 Kg7 43. Ne5 Re8 44. Rf7+ Kg8 45. Nhg6 Bd8 46. d7
Rxe5 47. Nxe5 Nc4 48. Rf5 Nd6 49. Nc6 Nxf5 50. Nxd8 Ne7 51. Nb7 Nc6 52. d8=Q+
Nxd8 53. Nxd8 1-0

[Event "New York Winter IM-B"]
[Site "New York USA"]
[Date "2022.01.16"]
[Round "6.5"]
[White "Huston, Gus"]
[Black "Chiku-Ratte, Olivier-Kenta"]
[Result "0-1"]
[WhiteElo "2125"]
[BlackElo "2380"]
[PlyCount "100"]
[EventDate "2022.01.13"]
[EventType "tourn"]
[EventRounds "9"]
[EventCountry "USA"]
[Source "ChessMix"]
[SourceDate "2022.01.20"]

1. e4 c5 2. Nf3 Nc6 3. Bb5 g6 4. Bxc6 dxc6 5. d3 Bg7 6. Nc3 Nf6 7. Be3 Nd7 8.
O-O O-O 9. Qd2 e5 10. Bh6 f6 11. Bxg7 Kxg7 12. Ne1 Rf7 13. f4 exf4 14. Qxf4 Ne5
15. Nf3 Nxf3+ 16. gxf3 Bh3 17. Rfe1 Qd4+ 18. Qe3 Rd8 19. f4 Be6 20. Kf2 Qb4 21.
Rab1 Qa5 22. Rg1 c4 23. d4 Qh5 24. Rg2 f5 25. d5 Qh4+ 26. Kg1 cxd5 27. Qd4+ Qf6
28. e5 Qh4 29. Nb5 Kh8 30. Qf2 Qh6 31. Nd4 Re7 32. b4 cxb3 33. Rxb3 Qh5 34.
Rgg3 Qd1+ 35. Kg2 Rc8 36. Rxg6 Bf7 37. Qh4 Bxg6 38. Qxe7 Re8 39. Qf6+ Kg8 40.
Rd3 Qe1 41. Nxf5 Qe4+ 42. Kg3 Qxf5 43. Qxf5 Bxf5 44. Rxd5 Kf7 45. Rc5 Rc8 46.
Rb5 b6 47. Kh4 Rxc2 48. Kg5 Ke6 49. h4 Rg2+ 50. Kh5 Rg6 0-1

[Event "New York Winter IM-B"]
[Site "New York USA"]
[Date "2022.01.16"]
[Round "7.1"]
[White "Chiku-Ratte, Olivier-Kenta"]
[Black "Paragua, Mark"]
[Result "0-1"]
[WhiteElo "2380"]
[BlackElo "2467"]
[PlyCount "96"]
[EventDate "2022.01.13"]
[EventType "tourn"]
[EventRounds "9"]
[EventCountry "USA"]
[Source "ChessMix"]
[SourceDate "2022.01.20"]

1. d4 Nf6 2. Nf3 g6 3. g3 Bg7 4. Bg2 O-O 5. O-O d6 6. a4 a5 7. b3 Nc6 8. Bb2 e5
9. dxe5 Ng4 10. h3 Ngxe5 11. Nxe5 dxe5 12. Qxd8 Rxd8 13. Na3 Bf5 14. g4 Be6 15.
Nb5 Rd7 16. Rad1 Rad8 17. Rxd7 Rxd7 18. Bc3 f5 19. gxf5 Bxf5 20. Na3 e4 21.
Bxg7 Kxg7 22. Nc4 b6 23. c3 Kf6 24. Ne3 Ne5 25. Rc1 Rd2 26. Rc2 Rxc2 27. Nxc2
Nf3+ 28. exf3 exf3 29. Nd4 fxg2 30. Kxg2 Bd7 31. Nf3 c6 32. Nd2 b5 33. f4 Bf5
34. Kg3 Bc2 35. Kf3 bxa4 36. bxa4 Bxa4 37. Nc4 Bd1+ 38. Ke4 a4 39. Na3 h5 40.
h4 Ke6 41. Nc4 Bc2+ 42. Kd4 Bb3 43. Nd2 Kf5 44. Kc5 Kxf4 45. Kxc6 Ke3 46. Nb1
g5 47. hxg5 h4 48. g6 h3 0-1

[Event "New York Winter IM-B"]
[Site "New York USA"]
[Date "2022.01.17"]
[Round "8.5"]
[White "Chiku-Ratte, Olivier-Kenta"]
[Black "Hardaway, Brewington"]
[Result "1/2-1/2"]
[WhiteElo "2380"]
[BlackElo "2169"]
[PlyCount "128"]
[EventDate "2022.01.13"]
[EventType "tourn"]
[EventRounds "9"]
[EventCountry "USA"]
[Source "ChessMix"]
[SourceDate "2022.01.20"]

1. d4 d5 2. c4 e6 3. Nc3 Nf6 4. cxd5 exd5 5. Bg5 Be7 6. Qc2 c6 7. e3 Nbd7 8.
Bd3 h6 9. Bh4 O-O 10. Nge2 Re8 11. O-O Ne4 12. Bxe7 Qxe7 13. Rae1 Ndf6 14. Nf4
Nxc3 15. bxc3 Bd7 16. c4 b6 17. Qb3 Qd6 18. Rc1 Rab8 19. cxd5 cxd5 20. Rc2 Rec8
21. Rfc1 Rxc2 22. Qxc2 g5 23. Ne2 Rc8 24. Qb2 Rxc1+ 25. Qxc1 Qc6 26. Qa3 Qa4
27. Qxa4 Bxa4 28. Nc3 Bc6 29. f3 Kf8 30. e4 Ke7 31. e5 Ne8 32. Kf2 Nc7 33. Ke3
b5 34. a3 a5 35. Na2 f6 36. Bf5 Na8 37. Nc3 Nb6 38. Bd3 b4 39. axb4 axb4 40.
exf6+ Kxf6 41. Nb1 Nc4+ 42. Ke2 Ba4 43. Nd2 Na3 44. Nf1 Bb3 45. Ne3 Ke6 46. Bh7
Ba2 47. Bg8+ Kd6 48. Nf5+ Kd7 49. Nxh6 Nb5 50. Ke3 b3 51. Bxd5 Nc3 52. Bxb3
Bxb3 53. Ng4 Ke6 54. Ne5 Nd5+ 55. Kd2 Kf5 56. g4+ Kf4 57. Ke2 Nc3+ 58. Kf2 Nd1+
59. Ke1 Ke3 60. d5 Bxd5 61. Kxd1 Kf4 62. Ng6+ Kxf3 63. h4 Kxg4 64. hxg5 Kxg5
1/2-1/2

[Event "New York Winter IM-D"]
[Site "New York USA"]
[Date "2022.01.17"]
[Round "9.2"]
[White "Canty, James"]
[Black "Chiku-Ratte, Olivier-Kenta"]
[Result "0-1"]
[WhiteElo "2201"]
[BlackElo "2380"]
[PlyCount "134"]
[EventDate "2022.01.13"]
[EventType "tourn"]
[EventRounds "9"]
[EventCountry "USA"]
[Source "Mark Crowther"]
[SourceDate "2022.01.24"]

1. e4 c5 2. b4 cxb4 3. a3 d5 4. exd5 Qxd5 5. Nf3 Bg4 6. axb4 Bxf3 7. Qxf3 Qxf3
8. gxf3 e6 9. Bb2 Ne7 10. Nc3 Nbc6 11. b5 Nd4 12. Ra4 Nef5 13. Ne4 Rd8 14. Kd1
Nxf3 15. Rxa7 Bd6 16. Rxb7 O-O 17. Be2 N3d4 18. Bd3 Be5 19. Nc5 Nd6 20. Rd7 Nf3
21. Ba3 Rxd7 22. Nxd7 Ra8 23. Bc1 Ra7 24. Nc5 Nd4 25. b6 Re7 26. c3 Nc6 27. Ba3
Na5 28. Ne4 Nxe4 29. Bxe4 Rd7 30. Bc5 Nb3 31. Be3 Nxd2 32. Bxd2 Bf4 33. Ke2
Rxd2+ 34. Kf3 Be5 35. b7 f5 36. Ke3 Ra2 37. f4 Bb8 38. Bc6 Ra3 39. Rd1 Rxc3+
40. Ke2 Bxf4 41. Rd8+ Kf7 42. Be8+ Kf6 43. b8=Q Bxb8 44. Rxb8 Rc2+ 45. Kf3 Rxh2
46. Rb7 g5 47. Kg3 Rh1 48. Rf7+ Ke5 49. Rg7 g4 50. Bd7 Kf6 51. Rg8 Rh3+ 52. Kg2
Rd3 53. Bc8 h5 54. Rf8+ Kg7 55. Re8 Kf7 56. Rh8 Rc3 57. Bd7 Ke7 58. Rh7+ Kd6
59. Be8 Ke5 60. Rxh5 Rc8 61. Bf7 Kf6 62. Rh7 Rc2+ 63. Kg3 Rc3+ 64. Kg2 Rh3 65.
Bh5 Kg5 66. Re7 Kxh5 67. Rxe6 Kg5 0-1

[Event "RA December op"]
[Site "Ottawa CAN"]
[Date "2021.12.10"]
[Round "1"]
[White "Latorre, Vincent"]
[Black "Chiku-Ratte, Olivier-Kenta"]
[Result "0-1"]
[WhiteElo "2000"]
[BlackElo "2478"]
[PlyCount "120"]
[EventDate "2021.12.10"]
[EventType "swiss"]
[EventRounds "5"]
[EventCountry "CAN"]

1. e4 c5 2. Nf3 Nf6 3. Nc3 d5 4. exd5 Nxd5 5. d4 Nxc3 6. bxc3 g6 7. Be3 Bg7 8.
Bc4 Qa5 9. Qd2 O-O 10. h3 Nc6 11. Rb1 cxd4 12. cxd4 Qxd2+ 13. Kxd2 Rd8 14. Rhd1
Na5 15. Bd3 Be6 16. Ke2 b6 17. a4 Bd5 18. Rb5 Rac8 19. Rb4 Nc4 20. Rc1 e6 21.
g3 Bf8 22. Rbb1 Ba3 23. Re1 Nb2 24. Nd2 Nxa4 25. Ra1 Nc3+ 26. Kf1 Bb4 27. Rxa7
Bc6 28. Nc4 Nb5 29. Rb1 Nxa7 30. Rxb4 Bb5 31. Ke1 Bxc4 32. Rxc4 Rxc4 33. Bxc4
b5 34. Bd3 Nc6 35. c3 b4 36. Be4 Rc8 37. Bxc6 Rxc6 38. cxb4 Rc4 39. Ke2 Rxb4
40. h4 Rb3 41. Kf3 f6 42. Ke2 Kf7 43. Kd2 Ke7 44. Kc2 Rb5 45. Kc3 Kd6 46. Kc4
Rb1 47. Bd2 Kc6 48. Be3 h5 49. Bd2 Rf1 50. Be3 g5 51. hxg5 fxg5 52. Kd3 h4 53.
Ke2 Rb1 54. gxh4 gxh4 55. Kf3 Rg1 56. Bf4 Kd5 57. Be5 Rg6 58. Kf4 h3 59. Ke3
Rg5 60. Ke2 Rxe5+ 0-1

[Event "RA December op"]
[Site "Ottawa CAN"]
[Date "2021.12.11"]
[Round "2"]
[White "Chiku-Ratte, Olivier-Kenta"]
[Black "Xu, Eddie"]
[Result "1-0"]
[WhiteElo "2478"]
[BlackElo "2204"]
[PlyCount "63"]
[EventDate "2021.12.10"]
[EventType "swiss"]
[EventRounds "5"]
[EventCountry "CAN"]

1. d4 d5 2. c4 e6 3. Nc3 Be7 4. Bf4 Nf6 5. e3 O-O 6. Bd3 c6 7. h3 dxc4 8. Bxc4
b5 9. Bd3 Bb7 10. Nf3 Nbd7 11. a3 a6 12. b4 a5 13. Rb1 axb4 14. axb4 Ra3 15.
Qd2 c5 16. bxc5 b4 17. Rxb4 Bxf3 18. gxf3 e5 19. Bxe5 Nxe5 20. dxe5 Rxc3 21.
Bxh7+ Kxh7 22. Qxc3 Nd5 23. Qd3+ Kg8 24. Rd4 Qa5+ 25. Qd2 Nc3 26. O-O Qxc5 27.
Qd3 Rc8 28. f4 Qc6 29. Kh2 Nb5 30. Rd7 Bh4 31. Qf5 Qc4 32. Rc1 1-0

[Event "RA December op"]
[Site "Ottawa CAN"]
[Date "2021.12.11"]
[Round "3"]
[White "Sambuev, Bator"]
[Black "Chiku-Ratte, Olivier-Kenta"]
[Result "1/2-1/2"]
[WhiteElo "2564"]
[BlackElo "2478"]
[PlyCount "176"]
[EventDate "2021.12.10"]
[EventType "swiss"]
[EventRounds "5"]
[EventCountry "CAN"]

1. Nf3 Nf6 2. c4 c6 3. d4 d5 4. e3 g6 5. Nc3 Bg7 6. Bd3 O-O 7. O-O Nbd7 8. cxd5
Nxd5 9. Nxd5 cxd5 10. Qb3 e5 11. Qxd5 exd4 12. Nxd4 Ne5 13. Qxd8 Rxd8 14. Be2
Nc6 15. Nb3 a5 16. Nc5 a4 17. Rb1 Nb4 18. a3 Na2 19. Bf3 Ra5 20. Nxb7 Bxb7 21.
Bxb7 Rf5 22. Bf3 Rc5 23. g4 Rc2 24. Ra1 Nxc1 25. Raxc1 Rxc1 26. Rxc1 Bxb2 27.
Rc4 Bxa3 28. Rxa4 Be7 29. Ra7 Kf8 30. Ra2 h6 31. Kg2 Bb4 32. Rb2 Ba3 33. Rb5
Rd7 34. h4 Be7 35. h5 g5 36. Bd5 Kg7 37. Kf3 Bf6 38. Bb3 Re7 39. Ke2 Re5 40.
Bd5 Re7 41. Kd3 Ra7 42. Bb3 Re7 43. f3 Re5 44. Rb6 Re7 45. Bd5 Rd7 46. Kc4 Rc7+
47. Bc6 Re7 48. Rb3 Be5 49. Kc5 Bg3 50. Be4 Rc7+ 51. Kd4 Rd7+ 52. Bd5 Re7 53.
Kd3 Rd7 54. Rb5 Re7 55. Be4 Rd7+ 56. Ke2 Re7 57. Rb6 Bc7 58. Ra6 Be5 59. Kd3
Rd7+ 60. Kc4 Bf6 61. Bf5 Re7 62. Kd3 Rb7 63. f4 Rb3+ 64. Ke4 Rb4+ 65. Kf3 Rb3
66. Ke2 Rb2+ 67. Kd1 Rb7 68. Ra4 Re7 69. Kd2 Rb7 70. Bc2 Re7 71. Ra6 Rc7 72.
Be4 Re7 73. Kd3 Rd7+ 74. Ke2 Re7 75. Kf3 Rc7 76. Bc6 Re7 77. Bd5 Re8 78. Ra7
Re7 79. Ra8 Rd7 80. Ke4 Re7+ 81. Kd3 Rd7 82. Ra5 Re7 83. Ra3 Bb2 84. Ra6 Bf6
85. Rb6 Re8 86. Rb3 Re7 87. Kc4 Rc7+ 88. Kb5 Rc3 1/2-1/2

[Event "RA December op"]
[Site "Ottawa CAN"]
[Date "2021.12.12"]
[Round "4"]
[White "Chiku-Ratte, Olivier-Kenta"]
[Black "Li, William"]
[Result "1/2-1/2"]
[WhiteElo "2478"]
[BlackElo "2276"]
[PlyCount "138"]
[EventDate "2021.12.10"]
[EventType "swiss"]
[EventRounds "5"]
[EventCountry "CAN"]

1. c4 c5 2. Nc3 Nc6 3. g3 g6 4. Bg2 Bg7 5. Nf3 e5 6. O-O Nge7 7. Ne1 O-O 8. Nc2
d6 9. Ne3 Be6 10. f4 Qc8 11. Ne4 Rd8 12. Ng5 Bd7 13. Nd5 h6 14. Ne4 Bh3 15.
Nef6+ Kf8 16. d3 Bxg2 17. Kxg2 Nxd5 18. Nxd5 Ne7 19. e4 Nxd5 20. cxd5 exf4 21.
Bxf4 h5 22. Qf3 Kg8 23. Rac1 Qg4 24. b4 Qxf3+ 25. Rxf3 Bd4 26. bxc5 dxc5 27.
Bg5 Rd7 28. Bf6 Bxf6 29. Rxf6 Kg7 30. Rf2 b6 31. a4 Re8 32. Rb2 f5 33. Rc4 fxe4
34. dxe4 Kf6 35. Kf3 Ke5 36. a5 Rf7+ 37. Kg2 Rf6 38. axb6 axb6 39. Ra4 g5 40.
Ra7 Kd4 41. Rd2+ Kc3 42. Raa2 Rxe4 43. Rac2+ Kb4 44. d6 Rf8 45. d7 Rd8 46. Rd6
b5 47. Rd5 Rc4 48. Rb2+ Ka5 49. Re2 Rd4 50. Rxc5 R8xd7 51. Rxg5 R4d5 52. Ree5
Rxe5 53. Rxe5 Rh7 54. Kh3 Ka4 55. Kh4 b4 56. Re8 b3 57. Ra8+ Kb4 58. Rb8+ Kc3
59. Kg5 Rc7 60. Kxh5 Rh7+ 61. Kg6 Rxh2 62. g4 b2 63. g5 Rh1 64. Rxb2 Kxb2 65.
Kf7 Rf1+ 66. Ke6 Kc3 67. g6 Kd4 68. g7 Rg1 69. Kf7 Ke5 1/2-1/2

[Event "RA December op"]
[Site "Ottawa CAN"]
[Date "2021.12.12"]
[Round "5"]
[White "Fiedorowicz, Owen"]
[Black "Chiku-Ratte, Olivier-Kenta"]
[Result "0-1"]
[WhiteElo "1812"]
[BlackElo "2478"]
[PlyCount "70"]
[EventDate "2021.12.10"]
[EventType "swiss"]
[EventRounds "5"]
[EventCountry "CAN"]

1. e4 c5 2. Nf3 Nc6 3. c3 Nf6 4. e5 Nd5 5. d4 cxd4 6. cxd4 d6 7. Nc3 Nxc3 8.
bxc3 e6 9. Bd3 Qa5 10. Bd2 dxe5 11. Qc2 exd4 12. cxd4 Bb4 13. O-O Bxd2 14. Nxd2
Nxd4 15. Qb2 Qd8 16. Nb3 Nxb3 17. Qxg7 Qd4 18. Bb5+ Ke7 19. Qg5+ Qf6 20. Qe3
Rg8 21. Qxb3 Qg5 22. Qb4+ Kf6 23. g3 a5 24. Qd4+ e5 25. Qc3 Kg7 26. f4 Qf6 27.
Bc4 e4 28. Qb3 Bf5 29. Bd5 Rad8 30. Rfd1 Bg4 31. Bxe4 Rxd1+ 32. Rxd1 Bxd1 33.
Qxd1 Rd8 34. Qg4+ Kh8 35. Kg2 Rd2+ 0-1

[Event "Quebec-ch inv."]
[Site "Montreal CAN"]
[Date "2021.11.25"]
[Round "1.1"]
[White "Chiku-Ratte, Olivier-Kenta"]
[Black "Clyde, Jordan"]
[Result "1-0"]
[WhiteElo "2463"]
[BlackElo "2272"]
[PlyCount "53"]
[EventDate "2021.11.25"]
[EventType "k.o."]
[EventRounds "3"]
[EventCountry "CAN"]

1. d4 Nf6 2. Nf3 b6 3. g3 e6 4. c4 Bb7 5. Bg2 Bb4+ 6. Bd2 Bxd2+ 7. Qxd2 d6 8.
O-O Nbd7 9. Nc3 Ne4 10. Nxe4 Bxe4 11. Qe3 Nf6 12. d5 exd5 13. Nd4 Ng4 14. Qf4
Qf6 15. Qxf6 Nxf6 16. f3 Bg6 17. cxd5 Nxd5 18. f4 c6 19. Kf2 Kd7 20. e4 c5 21.
Bh3+ f5 22. Nxf5 Nf6 23. Rad1 Bxf5 24. Bxf5+ Kc6 25. e5 dxe5 26. fxe5 Raf8 27.
exf6 1-0

[Event "Quebec-ch inv."]
[Site "Montreal CAN"]
[Date "2021.11.25"]
[Round "1.2"]
[White "Clyde, Jordan"]
[Black "Chiku-Ratte, Olivier-Kenta"]
[Result "0-1"]
[WhiteElo "2272"]
[BlackElo "2463"]
[PlyCount "64"]
[EventDate "2021.11.25"]
[EventType "k.o."]
[EventRounds "3"]
[EventCountry "CAN"]

1. c4 Nf6 2. Nc3 d6 3. d4 g6 4. e4 Bg7 5. f3 c6 6. Be3 a6 7. a4 Qa5 8. Qd2 O-O
9. Bd3 c5 10. dxc5 dxc5 11. e5 Nfd7 12. f4 Rd8 13. Nd5 Qxd2+ 14. Bxd2 Nc6 15.
Be4 e6 16. Nc7 Rb8 17. Nxa6 bxa6 18. Bxc6 Nb6 19. b3 Rd3 20. a5 Nd7 21. Ba4 f6
22. Ke2 Rd4 23. Nf3 fxe5 24. Nxd4 exd4 25. Rhe1 Kf7 26. Rab1 e5 27. Kf1 g5 28.
fxe5 Nxe5 29. Bxg5 Bf5 30. Rbd1 Bc2 31. Rd2 Bxb3 32. Rb1 Bxc4+ 0-1

[Event "Quebec-ch inv."]
[Site "Montreal CAN"]
[Date "2021.11.27"]
[Round "2.1"]
[White "Roussel-Roozmon, Thomas"]
[Black "Chiku-Ratte, Olivier-Kenta"]
[Result "1/2-1/2"]
[WhiteElo "2503"]
[BlackElo "2472"]
[PlyCount "162"]
[EventDate "2021.11.25"]
[EventType "k.o."]
[EventRounds "3"]
[EventCountry "CAN"]

1. Nf3 Nf6 2. g3 g6 3. b3 Bg7 4. Bb2 c5 5. c4 O-O 6. Bg2 d6 7. O-O Nc6 8. d4
Bf5 9. d5 Na5 10. Nbd2 a6 11. Rc1 b5 12. e4 Bg4 13. h3 Bxf3 14. Bxf3 bxc4 15.
bxc4 Rb8 16. Bc3 Nd7 17. Qc2 Bd4 18. Rb1 Qc7 19. Be2 e5 20. Nf3 Rxb1 21. Rxb1
Bxc3 22. Qxc3 Rb8 23. Rxb8+ Nxb8 24. Qb2 Nd7 25. Nd2 Qb6 26. Qxb6 Nxb6 27. Kg2
Na4 28. Nb1 Kg7 29. Kf3 Kf6 30. Ke3 Ke7 31. Kd2 Nb6 32. Kc3 Na4+ 33. Kc2 Nb6
34. Nd2 Na4 35. Nb1 Nb6 36. Na3 f5 37. exf5 gxf5 38. f4 Kf6 39. Kc3 Na4+ 40.
Kd2 Nb6 41. Kd3 h6 42. Bd1 Nb7 43. Bh5 Na5 44. Be2 Na4 45. Nc2 Nb2+ 46. Kc3
Na4+ 47. Kd2 exf4 48. gxf4 Nb6 49. Ne3 Nc8 50. h4 Nb6 51. h5 Na4 52. Kc2 Nb6
53. Bd3 Nb7 54. Kc3 Na5 55. Bc2 Naxc4 56. Nxc4 Nxd5+ 57. Kd2 Ke6 58. Ne3 Nxf4
59. Nxf5 Nxh5 60. Nxh6 Nf6 61. Nf5 d5 62. Ne3 Kd6 63. Bd3 c4 64. Be2 Kc5 65.
Kc2 Nd7 66. Nf5 Nb6 67. a3 d4 68. Bf1 Nd5 69. Be2 a5 70. Bf1 Nf4 71. Kd2 Ng6
72. Ng7 Ne5 73. Ne6+ Kd5 74. Nc7+ Kd6 75. Nb5+ Kc5 76. Nc7 Nf3+ 77. Kc2 Ne5 78.
Bg2 Kd6 79. Nb5+ Kc5 80. Nc7 Kd6 81. Nb5+ Kc5 1/2-1/2

[Event "Quebec-ch inv."]
[Site "Montreal CAN"]
[Date "2021.11.27"]
[Round "2.2"]
[White "Chiku-Ratte, Olivier-Kenta"]
[Black "Roussel-Roozmon, Thomas"]
[Result "1/2-1/2"]
[WhiteElo "2463"]
[BlackElo "2503"]
[PlyCount "39"]
[EventDate "2021.11.25"]
[EventType "k.o."]
[EventRounds "3"]
[EventCountry "CAN"]

1. d4 Nf6 2. c4 e6 3. Nc3 Bb4 4. f3 O-O 5. e4 d5 6. e5 Nfd7 7. cxd5 exd5 8. f4
c5 9. Nf3 Nc6 10. Be3 cxd4 11. Nxd4 Nc5 12. Be2 Ne4 13. Qd3 Qh4+ 14. g3 Qh3 15.
Bf1 Qh5 16. Bg2 Nc5 17. Qd2 Ne4 18. Qd3 Nc5 19. Qd2 Ne4 20. Qd3 1/2-1/2